[Event "Ostrava SMP op"]
[Site "Ostrava"]
[Date "2006.05.02"]
[Round "4"]
[White "Kleibert, Vladislav"]
[Black "Skockova, Katerina"]
[Result "1-0"]
[WhiteElo "1950"]
[BlackElo "1653"]
[PlyCount "37"]
[EventDate "2006.04.29"]
[EventType "swiss"]
[EventRounds "9"]
[EventCountry "CZE"]
[SourceTitle "EXT 2008"]
[Source "ChessBase"]
[SourceDate "2007.11.25"]
[SourceVersion "1"]
[SourceVersionDate "2007.11.25"]
[SourceQuality "1"]

1. d4 d5 2. e3 Nf6 3. Bd3 e6 4. Nd2 c5 5. c3 Nc6 6. f4 Bd7 7. Ngf3 cxd4 8. exd4 Be7 9. Ne5 0-0 10. 0-0 g6 11. Qf3 Nxe5 12. fxe5 Ne8 13. Qh3 Ng7 14. Nf3 Nf5 15. g4 Nh4 16. Bh6 Re8 17. Rf2 f5 18. exf6 Bxf6 19. g5 1-0